| 000 | 01180nam a22002417a 4500 | ||
|---|---|---|---|
| 003 | OSt | ||
| 005 | 20251127090648.0 | ||
| 008 | 251127t2022 sp a||||r|||| 00| f spa d | ||
| 020 | _a978-84-18933-39-4 | ||
| 040 |
_cAR-RoUNCS _aAR-RoUNCS |
||
| 080 | _082-32(410.1) | ||
| 100 | 1 |
_aOrwell, George, _d1903-1950 _eautor |
|
| 245 | 1 | 0 |
_aRebelión en la granja / _cGeorge Orwell ; traducción de Ana Mata Buil ; ilustrado por Riki Blanco. |
| 260 |
_aBarcelona : _bEditorial Alma _c2022. |
||
| 300 |
_a118 p. : _bil. col ; _c18 cm. |
||
| 490 | 0 | _aAlma Clásicos Ilustrados | |
| 520 | 3 | _aEn las palabras de George Orwell, rebelión en la Granja es la historia de una revolución que sale mal. La corrupción, el abuso de poder, la manipulación de la verdad y el culto al líder acaban con los sueños de libertad, igualdad y justicia de los habitantes de la Granja de los Animales. Hasta los ideales más nobles pueden pervertirse y degenerar en una parodia de aquello contra lo que se luchaba. | |
| 650 | 7 |
_aLiteratura inglesa _ySiglo XX _2embne |
|
| 655 | 7 |
_aNovelas cortas _2embne |
|
| 700 | 1 |
_aBuil, Ana Mata, _etraductor |
|
| 700 | 1 |
_aBlanco, Riki, _eilustrador |
|
| 942 |
_2udc _cLPD _n0 |
||
| 999 |
_c788 _d788 |
||